000 00784nam a2200241 i 4500
003 DO-SdBNP
005 20260304085435.0
007 ta
008 241014b1970 dr |||| |||| 00| 0 spa d
040 _aDO-SdBNP
_bspa
_cBNPHU
_erda
082 4 _222
100 1 _aPeña Gomez, Jose Francisco ,
_d1937-1998
_eautor
_4aut.
_92994
245 1 3 _aEl reeleccionismo y sus consecuencias /
_cJosé Francisco Peña Gómez
264 4 _aSanto Domingo :
_bEditor Partido Revolucionario Dominicano,
_c1970.
300 _a16 páginas ;
_c25 cm.
336 _atexto
_btxt
_2rdacontent
337 _asin mediación
_bn
_2rdamedia
338 _avolumen
_bn
_2rdacarrier
490 _aCuadernos de capacitación política
_v1
590 _aInventariado, 2024/BT
910 _aBtavárez
942 _2ddc
_cLF2
999 _c57848
_d57848